000 01259cam a22002777a 4500
001 SSB051688
003 SISC
005 20170116093528.0
008
020 _a9781118644812
050 0 0 _aG 155.A1
_b.W379 2014
100 1 _aWeaver, David Bruce.
245 1 0 _aTourism management /
_cDavid Weaver, Laura Lawton.
250 _a5th edition.
260 _aMilton, Qld. :
_bJohn Wiley & Sons,
_c2014.
300 _axiii, 430 pages :
_billustrations ;
_c25 cm.
500 _aIncludes glossary and index.
504 _aIncludes bibliographical references and index.
505 _aChapter 1 Introduction to tourism management Chapter 2 The tourism system Chapter 3 The evolution and growth of tourism Chapter 4 Destinations Chapter 5 The tourism product Chapter 6 Tourist markets Chapter 7 Tourism marketing Chapter 8 Economic impacts of tourism Chapter 9 Sociocultural and environmental impacts of tourism Chapter 10 Destination development Chapter 11 Sustainable tourism Chapter 12 Tourism research.
521 _aTourism
650 0 _aTourism
_zAustralia
_xMarketing.
650 0 _aTourism
_zAustralia
_xManagement.
650 0 _aEcotourism
_zAustralia.
700 1 _aLawton, Laura.
942 _2lcc
_cBK
_kFOR
999 _c277314
_d277314